| 000 | 01184nam a2200337Ia 4500 | ||
|---|---|---|---|
| 001 | dia_6330 | ||
| 003 | CHAP | ||
| 005 | 20251023164333.0 | ||
| 008 | 220117s2008 xx 000 0 und d | ||
| 010 | _a177810 | ||
| 020 | _a968-6003-07-0 | ||
| 040 | _cCHAP | ||
| 082 | _aC 621.31 I57 2008 | ||
| 110 |
_aMéxico. Secretaría de Energía _977173 |
||
| 245 | _aNorma Oficial Mexicana NOM-001-SEDE-2005 : instalaciones eléctricas : utilización | ||
| 260 |
_aMéxico : _b Ediciones Andrade, _c2008 |
||
| 300 | _a1476 p. | ||
| 503 | _aC/e | ||
| 590 | _aC KGF3356 I57 2008 | ||
| 650 |
_aElectric companies _xLaws and regulations _xMexico _9162227 |
||
| 650 |
_aElectric installations _xLaws and regulations _xMexico _9162228 |
||
| 650 |
_aElectric standards _9162229 |
||
| 650 |
_aElectricidad _xNormas _xMéxico _9162230 |
||
| 650 |
_aEmpresas eléctricas _xLegislación _xMéxico _9162231 |
||
| 650 |
_aInstalaciones eléctricas _xLegislación _xMéxico _9162232 |
||
| 710 |
_aSecretaría de energía (México) _9162233 |
||
| 901 | _aC 621.31 I57 2008 | ||
| 902 | _aA | ||
| 905 | _a5232272008 mx n 8295223322spa16 | ||
| 942 |
_cLIBRO _2ddc |
||
| 999 |
_c177810 _d177810 |
||